La historia del señor sommer / (Registro nro. 9085)

Detalles MARC
000 -LEADER
fixed length control field 00800nam a22002657a 4500
001 - CONTROL NUMBER
control field 0074
003 - CONTROL NUMBER IDENTIFIER
control field DO-SdBNP
005 - DATE AND TIME OF LATEST TRANSACTION
control field 20180126094611.0
007 - PHYSICAL DESCRIPTION FIXED FIELD--GENERAL INFORMATION
fixed length control field 0074
008 - FIXED-LENGTH DATA ELEMENTS--GENERAL INFORMATION
fixed length control field 151209b mx 1978 ||||| |||| 00| 0 spa d
020 ## - INTERNATIONAL STANDARD BOOK NUMBER
International Standard Book Number 9788432206580
040 ## - CATALOGING SOURCE
Original cataloging agency BPMSU
Language of cataloging spa
Transcribing agency BPMSU
092 ## - LOCALLY ASSIGNED DEWEY CALL NUMBER (OCLC)
Classification number xxxxx
Item number xxxxx
100 1# - MAIN ENTRY--PERSONAL NAME
Personal name Süskind, Patrick
245 13 - TITLE STATEMENT
Title La historia del señor sommer /
Statement of responsibility, etc. Patrick Süskind ; ilustraciones Sempé ; traducción Ana Ma. de la Fuente
260 ## - PUBLICATION, DISTRIBUTION, ETC. (IMPRINT)
Place of publication, distribution, etc. Barcelona :
Name of publisher, distributor, etc. Seix Barral,
Date of publication, distribution, etc. 1991.
300 ## - PHYSICAL DESCRIPTION
Extent 133 p. :
Other physical details il.,
Dimensions 19 cm.
490 1# - SERIES STATEMENT
Series statement Biblioteca breve (Seix Barral)
700 12 - ADDED ENTRY--PERSONAL NAME
Personal name Sempé,
Relator term il.
700 12 - ADDED ENTRY--PERSONAL NAME
Personal name Fuente, Ana Ma. de la,
Relator term tr.
830 #0 - SERIES ADDED ENTRY--UNIFORM TITLE
Name of part/section of a work Biblioteca breve (Seix Barral)
942 ## - ADDED ENTRY ELEMENTS (KOHA)
Source of classification or shelving scheme Dewey Decimal Classification
Koha item type Libros
945 ## - LOCAL PROCESSING INFORMATION (OCLC)
a Inventariado, 2018/LP
956 ## - LOCAL ELECTRONIC LOCATION AND ACCESS (OCLC)
Host name Brenda Tavárez
Access number 10
Existencias
Withdrawn status Lost status Source of classification or shelving scheme Damaged status Not for loan Collection code Home library Current library Date acquired Source of acquisition Total Checkouts Barcode Date last seen Price effective from Koha item type
    Dewey Decimal Classification     Colección Juvenil General Biblioteca Pública Metropolitana Salomé Ureña Biblioteca Pública Metropolitana Salomé Ureña 12/09/2015 FUNDI   BPMSU15120122 12/09/2015 12/09/2015 Libros